| 000 | 01491nam a2200253 a 4500 | ||
|---|---|---|---|
| 008 | 120416s1982 ||||||||||||||||| || u | ||
| 050 | _aHF 5686.C8 Har | ||
| 100 | _aHarper, W. M | ||
| 245 | 1 | 0 |
_aCost and management accounting: vol.II, management accounting _cby W. M. Harper |
| 260 |
_aLondon: _bPitman _c1982 |
||
| 300 | _axiii, 443p. : ill. | ||
| 350 | _a0.00 | ||
| 490 | _aThe M & E series | ||
| 500 | _aSB LIBRARY HAS 21 COPIES | ||
| 650 | 0 | _aMANAGERIAL ACCOUNTING | |
| 650 | 0 | _aACCOUNTING--HANDBOOKS, MANUALS, ETC | |
| 650 | 0 | _aCOST ACCOUNTING | |
| 995 |
_aMAIN LIBRARY OPEN ACCESS _D0.00 _e726055 _FCBU-MAIN LIBRARY (Kitwe) _H1 _I14.85 _jHF 5686.C8 Har _M1 _ULOST _y726055 _ZMain Library Open Access Collection |
||
| 995 |
_aTEXTBOOKS (SB) _D0.00 _e1058 _FCBU-SCHOOL TEXTBOOK COLLECTIONS _H1 _I0.00 _jSCHOOL TEXTBOOK _UAVAILABLE _WSep 17, 2009 _y1058 _ZSchool Collections |
||
| 995 |
_aTEXTBOOKS (SB) _D0.00 _e1059 _FCBU-SCHOOL TEXTBOOK COLLECTIONS _H1 _I0.00 _jSCHOOL TEXTBOOK _M2 _UAVAILABLE _WSep 17, 2009 _y1059 _ZSchool Collections |
||
| 995 |
_aTEXTBOOKS (SB) _D0.00 _e1060 _FCBU-SCHOOL TEXTBOOK COLLECTIONS _H1 _I0.00 _jSCHOOL TEXTBOOK _M3 _UAVAILABLE _WSep 17, 2009 _y1060 _ZSchool Collections |
||
| 995 |
_aTEXTBOOKS (SB) _D0.00 _e1061 _FCBU-SCHOOL TEXTBOOK COLLECTIONS _H1 _I0.00 _jSCHOOL TEXTBOOK _M4 _UAVAILABLE _WSep 17, 2009 _y1061 _ZSchool Collections |
||
| 995 |
_aTEXTBOOKS (SB) _D0.00 _e1062 _FCBU-SCHOOL TEXTBOOK COLLECTIONS _H1 _I0.00 _jSCHOOL TEXTBOOK _M5 _UAVAILABLE _WSep 17, 2009 _y1062 _ZSchool Collections |
||
| 999 |
_c62558 _d62558 |
||